Les boissons les plus consommées dans le monde - Statistiques

Statistiques générales
  • Ce quiz a été pris 175 fois
  • Le résultat moyen est 5 sur 7
Statistiques - réponses
Hint Réponse % Correct
+ 1000 Mrd L Eau
99%
190 Mrd L Bière
76%
275 Mrd L Café
71%
300 Mrd L Thé
71%
26 Mrd L Vin
69%
180 Mrd L Lait
52%
160 Mrd L Sodas
42%
Aucun quiz correspondant
Distribution des résultats
% des personnes avec chaque résultat
Percentile par nombre de réponses
Votre historique - résultats
Vous n’avez pas pris ce quiz